[Event "FRA Cup 0910"]
[Site "FRA"]
[Date "2010.01.17"]
[Round "3"]
[White "Woloszyn, Florent"]
[Black "Gillis, Stephane"]
[Result "1/2-1/2"]
[WhiteElo "2009"]
[BlackElo "1980"]
[PlyCount "116"]
[EventDate "2010.??.??"]
[EventType "team-match"]
[EventCountry "FRA"]
[WhiteTeam "Tournefeuille"]
[BlackTeam "Ramonville"]

1. d4 d5 2. c4 e6 3. Nc3 Nf6 4. cxd5 exd5 5. Bg5 Be7 6. e3 O-O 7. Bd3 Nbd7 8.
Qc2 c6 9. Nge2 Re8 10. O-O-O Nf8 11. h3 Qa5 12. Kb1 Ne4 13. Bxe7 Nxc3+ 14. Qxc3
Qxc3 15. Nxc3 Rxe7 16. Na4 Ne6 17. Rc1 Bd7 18. Nc5 Nxc5 19. Rxc5 Re6 20. Rhc1
Rf6 21. R1c2 Re8 22. b4 a6 23. a4 Kf8 24. Kc1 Ke7 25. Ra2 Kd6 26. Kd1 Bf5 27.
Bxf5 Rxf5 28. b5 axb5 29. axb5 Re6 30. bxc6 bxc6 31. Rac2 Kd7 32. Ra5 Ref6 33.
Ke1 Rg6 34. Kf1 Re6 35. g4 Rff6 36. Kg2 h6 37. Rb2 Re7 38. Rb7+ Kd6 39. Rb8 Rc7
40. h4 g6 41. Rh8 Rb7 42. Ra2 g5 43. hxg5 hxg5 44. Rg8 Rg6 45. Rxg6+ fxg6 46.
Ra8 Re7 47. Rg8 Re6 48. Kf1 Kd7 49. Ke2 Rf6 50. Kd3 Ke7 51. Rg7+ Kf8 52. Rc7
Ke8 53. Kc3 Kd8 54. Rg7 Ke8 55. Kb4 Kf8 56. Rc7 Rxf2 57. Rxc6 Kf7 58. Kc3 Ra2
1/2-1/2

[Event "FRA Cup 0910"]
[Site "FRA"]
[Date "2010.01.17"]
[Round "3"]
[White "Zarrouati, Pierre"]
[Black "Franca, Ricardo Bedin"]
[Result "0-1"]
[WhiteElo "2218"]
[BlackElo "2327"]
[PlyCount "80"]
[EventDate "2010.??.??"]
[EventType "team-match"]
[EventCountry "FRA"]
[WhiteTeam "Tournefeuille"]
[BlackTeam "Ramonville"]

1. d4 e6 2. c4 Nf6 3. Nf3 c5 4. d5 exd5 5. cxd5 d6 6. Nc3 g6 7. h3 a6 8. a4 Qe7
9. Bf4 Nbd7 10. e3 Bg7 11. Be2 O-O 12. O-O Ne8 13. Nd2 Ne5 14. Nc4 Nxc4 15.
Bxc4 Rb8 16. Bd3 f5 17. Rb1 Bd7 18. Ne2 b5 19. axb5 axb5 20. b4 c4 21. Bc2 Nc7
22. Nd4 Rb6 23. Qf3 Bxd4 24. exd4 Qf7 25. Ra1 Qxd5 26. Ra7 Qxf3 27. gxf3 Rc6
28. Rxc7 Rxc7 29. Bxd6 Ra7 30. d5 Re8 31. Bc5 Ra2 32. Bb1 Rd2 33. d6 Kf7 34.
Kh2 Ke6 35. h4 Kd5 36. h5 c3 37. hxg6 hxg6 38. Kg3 Kc4 39. Kf4 Kb3 40. Be3 Rxd6
0-1

[Event "FRA Cup 0910"]
[Site "FRA"]
[Date "2010.01.17"]
[Round "3"]
[White "Sanchez, Nicolas"]
[Black "Hervet, Gilles"]
[Result "1-0"]
[WhiteElo "2151"]
[BlackElo "2050"]
[PlyCount "71"]
[EventDate "2010.??.??"]
[EventType "team-match"]
[EventCountry "FRA"]

1. d4 Nf6 2. c4 e5 3. dxe5 Ng4 4. Bf4 g5 5. Bg3 Bg7 6. Nf3 Nc6 7. Nc3 Ngxe5 8.
Nxe5 Nxe5 9. e3 d6 10. Be2 Be6 11. Rc1 Qd7 12. h4 g4 13. Nd5 h5 14. Qb3 c6 15.
Nf4 Rb8 16. O-O Bf6 17. Rfd1 Qe7 18. Qa3 Rd8 19. Nxe6 fxe6 20. Qxa7 O-O 21. Qa3
Bxh4 22. e4 Bxg3 23. Qxg3 Qg5 24. c5 d5 25. exd5 exd5 26. Re1 Rde8 27. Rcd1 Rf4
28. Qc3 Ref8 29. Qe3 h4 30. Bf1 g3 31. Qxe5 gxf2+ 32. Kh1 Qg4 33. Qe6+ Qxe6 34.
Rxe6 Rc4 35. Bxc4 dxc4 36. Rf1 1-0

[Event "FRA Cup 0910"]
[Site "FRA"]
[Date "2010.01.17"]
[Round "3"]
[White "Bolon, Karelle"]
[Black "Cesbron, Guy"]
[Result "1-0"]
[WhiteElo "2117"]
[BlackElo "2122"]
[PlyCount "77"]
[EventDate "2010.??.??"]
[EventType "team-match"]
[EventCountry "FRA"]

1. e4 e6 2. d3 d5 3. Nd2 b6 4. g3 Bb7 5. Bg2 Nf6 6. e5 Nfd7 7. Ngf3 c5 8. O-O
Nc6 9. Re1 Qc7 10. Qe2 Be7 11. Nf1 h6 12. c4 d4 13. Bd2 a5 14. Rab1 g6 15. h4
Bf8 16. N1h2 Bg7 17. Bf4 Ne7 18. Ng4 Qc6 19. Red1 Nf5 20. Ne1 Qc8 21. Be4 Bc6
22. Nf3 Qb7 23. Nd2 O-O-O 24. a3 g5 25. hxg5 hxg5 26. Bxg5 Rdg8 27. Bf4 Rh3 28.
b4 axb4 29. axb4 cxb4 30. Rxb4 Bf8 31. Rb2 Rgh8 32. Kg2 Nc5 33. f3 Na4 34. Nb3
Nxb2 35. Qxb2 Bc5 36. Rb1 Qc7 37. Nxc5 bxc5 38. Bxc6 Ne3+ 39. Bxe3 1-0

[Event "FRA Cup 0910"]
[Site "FRA"]
[Date "2010.01.17"]
[Round "3"]
[White "Torchausse, M."]
[Black "Huchet, Francois"]
[Result "0-1"]
[WhiteElo "1580"]
[BlackElo "1978"]
[PlyCount "64"]
[EventDate "2010.??.??"]
[EventType "team-match"]
[EventCountry "FRA"]

1. b3 e5 2. Bb2 d6 3. e4 Nf6 4. d3 Be7 5. Nf3 O-O 6. Be2 c6 7. Nc3 Nbd7 8. O-O
d5 9. exd5 cxd5 10. d4 e4 11. Ne5 Bd6 12. f4 a6 13. Kh1 b5 14. a3 Nb6 15. f5
Qc7 16. Nb1 Nbd7 17. Nxd7 Bxd7 18. g3 g6 19. g4 gxf5 20. g5 Ng4 21. Bxg4 fxg4
22. Rf2 e3 23. Rg2 Qd8 24. Nc3 Qxg5 25. Ne2 f5 26. c4 f4 27. c5 f3 28. cxd6
fxg2+ 29. Kxg2 Rf2+ 30. Kg3 Raf8 31. Ng1 Qf4+ 32. Kh4 Rxh2+ 0-1

[Event "FRA Cup 0910"]
[Site "FRA"]
[Date "2010.01.??"]
[Round "?"]
[White "Chappey, Edouard"]
[Black "Chareyre, S1."]
[Result "1-0"]
[WhiteElo "1880"]
[BlackElo "1810"]
[PlyCount "105"]
[EventDate "2010.??.??"]
[EventType "team-match"]
[EventCountry "FRA"]

1. e4 e6 2. d3 c5 3. Nf3 Nc6 4. Nbd2 h6 5. g3 Nf6 6. Bg2 d6 7. O-O Be7 8. c3
O-O 9. d4 cxd4 10. cxd4 Qc7 11. Qe2 Bd7 12. Re1 Nb4 13. Rd1 a6 14. a4 Rac8 15.
b3 b5 16. a5 Qa7 17. Bb2 Rc2 18. Rdb1 Rfc8 19. Ne1 R2c7 20. Nf1 Nc2 21. Nxc2
Rxc2 22. Qd1 R2c7 23. Ne3 Bc6 24. d5 Bd7 25. Bd4 Qb8 26. f4 Qb7 27. b4 Ne8 28.
Ra2 Qb8 29. Rf2 f6 30. Bb2 e5 31. f5 Qa7 32. Qf3 Rc4 33. Nxc4 Rxc4 34. Bc1 Qd4
35. Be3 Qd3 36. Rd1 Qb3 37. Bd2 Qxf3 38. Bxf3 Nc7 39. Rc1 Kh7 40. Rff1 g6 41.
g4 Ne8 42. Rxc4 bxc4 43. Rc1 Bb5 44. Be3 gxf5 45. gxf5 Ng7 46. Be2 h5 47. h4
Ne8 48. Bxc4 Nc7 49. Bf1 Ne8 50. Bxb5 axb5 51. a6 Bd8 52. Rc8 Nc7 53. a7 1-0

[Event "FRA Cup 0910"]
[Site "FRA"]
[Date "2010.02.21"]
[Round "2.1"]
[White "Pokee, Anne Josephe"]
[Black "Hervet, Gilles"]
[Result "0-1"]
[WhiteElo "2006"]
[BlackElo "2050"]
[PlyCount "114"]
[EventDate "2010.??.??"]
[EventType "team-match"]
[EventCountry "FRA"]

1. e4 d5 2. exd5 Nf6 3. Nc3 Nxd5 4. Bc4 Nb6 5. Bb3 Nc6 6. Nge2 Bg4 7. O-O Nd4
8. f3 Nxb3 9. axb3 Bf5 10. d4 e6 11. Ng3 Bg6 12. Nge4 Be7 13. Bf4 O-O 14. Kh1
c6 15. Qe1 Nd5 16. Be5 f6 17. Bg3 b6 18. Na2 f5 19. Nd2 f4 20. Bf2 Qd7 21. c4
Nb4 22. Nxb4 Bxb4 23. Qe2 e5 24. Ra4 a5 25. Rxb4 axb4 26. Qxe5 Rae8 27. Qg5 Bd3
28. Re1 Rxe1+ 29. Bxe1 Qe6 30. Qe5 Re8 31. Qxe6+ Rxe6 32. Ne4 c5 33. d5 Re8 34.
Kg1 Bxe4 35. fxe4 Rxe4 36. Kf2 Re3 37. Bd2 Rxb3 38. Bxf4 Kf7 39. Be5 g5 40. Ke2
h5 41. Kd2 Kg6 42. Ke2 Kf5 43. Bg7 g4 44. Bh8 Ke4 45. Bf6 b5 46. d6 Re3+ 47.
Kf2 Rd3 48. cxb5 Rxd6 49. Be7 Rd2+ 50. Kg3 Kd5 51. Bf6 c4 52. h3 Kc5 53. hxg4
hxg4 54. Kxg4 Rxg2+ 55. Kf3 Rc2 56. Ke3 Kxb5 57. Kd4 Rxb2 0-1

[Event "FRA Cup 0910"]
[Site "FRA"]
[Date "2010.02.21"]
[Round "2.2"]
[White "Cesbron, Guy"]
[Black "Grelier, Gilles"]
[Result "1-0"]
[WhiteElo "2122"]
[BlackElo "1920"]
[PlyCount "57"]
[EventDate "2010.??.??"]
[EventType "team-match"]
[EventCountry "FRA"]

1. e4 c5 2. Nf3 e6 3. d4 cxd4 4. Nxd4 Nf6 5. Nc3 d6 6. Be3 Be7 7. Qf3 O-O 8. g4
Nc6 9. Rg1 Nxd4 10. Bxd4 e5 11. Be3 Be6 12. g5 Ne8 13. O-O-O g6 14. Kb1 Qc8 15.
h4 Ng7 16. Nd5 Bxd5 17. Rxd5 Ne6 18. Rd3 a6 19. h5 Kg7 20. Bh3 Qd7 21. Qg3 Qa4
22. Bxe6 fxe6 23. Qg4 Rac8 24. Rd2 Qd7 25. Qh3 Rh8 26. f4 exf4 27. Bd4+ Kf7 28.
hxg6+ Kxg6 29. Qh6+ 1-0

[Event "FRA Cup 0910"]
[Site "FRA"]
[Date "2010.02.21"]
[Round "2.3"]
[White "Lamy, Loic"]
[Black "Saunders, Mark"]
[Result "0-1"]
[WhiteElo "2058"]
[BlackElo "1795"]
[PlyCount "184"]
[EventDate "2010.??.??"]
[EventType "team-match"]
[EventCountry "FRA"]

1. e4 d6 2. d4 Nf6 3. Nc3 g6 4. f4 Bg7 5. e5 Nfd7 6. Nf3 c5 7. exd6 cxd4 8. Nb5
Na6 9. Qe2 d3 10. cxd3 e6 11. Bd2 Bxb2 12. Rb1 Bg7 13. Ne5 O-O 14. g3 f6 15.
Nc4 Nb6 16. Ba5 Bd7 17. Nxa7 Rxa7 18. Bxb6 Qb8 19. Bxa7 Qxa7 20. Bg2 b5 21. Qe3
Nc5 22. Nd2 Rc8 23. Ke2 Qb8 24. d4 Na4 25. Rhc1 Qxd6 26. Rxc8+ Bxc8 27. Rxb5
Ba6 28. Qb3 Bxb5+ 29. Ke3 Bd7 30. Ne4 Qb6 31. Qc4 Kf7 32. Nc5 Nxc5 33. dxc5 Qa7
34. Kd3 Qa3+ 35. Kc2 Ba4+ 36. Kd2 Qb2+ 37. Ke1 Bb5 38. Qe4 Qa1+ 39. Kd2 Qxa2+
40. Ke1 Qd5 41. Qxd5 exd5 42. Bxd5+ Ke7 43. Kd2 Kd7 44. Ke3 Bc6 45. Bg8 h6 46.
Bf7 g5 47. fxg5 fxg5 48. h4 Ke7 49. Bc4 Be5 50. hxg5 hxg5 51. g4 Bf4+ 52. Kf2
Kf6 53. Bd3 Ke5 54. Bc2 Kd4 55. Bg6 Kxc5 56. Bd3 Kd4 57. Bf5 Ke5 58. Bc8 Bh2
59. Ba6 Kf4 60. Be2 Bg3+ 61. Kg1 Bf3 62. Bb5 Bxg4 63. Bc6 Bf3 64. Bd7 g4 65.
Bc8 Ke3 66. Kf1 Bh2 67. Bd7 g3 68. Bh3 Kf4 69. Ke1 g2 70. Bxg2 Bxg2 71. Kd2 Bg1
72. Kd3 Bf3 73. Kc4 Ke5 74. Kd3 Kd5 75. Kc3 Bf2 76. Kd3 Kc5 77. Kc3 Be2 78. Kd2
Bb5 79. Kd1 Kd4 80. Kd2 Bc4 81. Kc2 Be1 82. Kd1 Bb4 83. Kc2 Ke3 84. Kc1 Bb3 85.
Kb2 Ba4 86. Ka2 Kd2 87. Kb2 Bc2 88. Ka1 Kc3 89. Ka2 Bd3 90. Ka1 Kc2 91. Ka2
Bc4+ 92. Ka1 Bc3# 0-1

[Event "FRA Cup 0910"]
[Site "FRA"]
[Date "2010.02.21"]
[Round "2.4"]
[White "Halejcio, Adrien"]
[Black "Grimault, Nathan"]
[Result "1-0"]
[WhiteElo "1590"]
[BlackElo "1470"]
[PlyCount "133"]
[EventDate "2010.??.??"]
[EventType "team-match"]
[EventCountry "FRA"]

1. e4 c5 2. Nf3 Nc6 3. Nc3 a6 4. d4 cxd4 5. Nxd4 e6 6. Nxc6 bxc6 7. Bd3 d5 8.
exd5 cxd5 9. O-O Bd6 10. Re1 Nf6 11. Bg5 O-O 12. Re3 d4 13. Rh3 g6 14. Ne4 Be7
15. Qf3 Nxe4 16. Bxe4 Bxg5 17. Bxa8 e5 18. g4 f5 19. Bd5+ Kg7 20. Qg2 fxg4 21.
Rd3 Bf5 22. Be4 Be6 23. b3 Rf4 24. f3 gxf3 25. Bxf3 Bf5 26. Rdd1 e4 27. Be2 d3
28. cxd3 exd3 29. Qb7+ Kh6 30. Qa7 Qd4+ 31. Qxd4 Rxd4 32. Bf3 d2 33. Kf2 Bh4+
34. Ke2 Be1 35. Rxe1 dxe1=Q+ 36. Kxe1 Rh4 37. Be2 Rxh2 38. Bxa6 g5 39. a4 g4
40. Rd1 g3 41. Rd6+ Kg5 42. Bb7 g2 43. Kf2 h5 44. Kg1 Rh3 45. b4 Rb3 46. Rd4 h4
47. Kxg2 h3+ 48. Kf2 h2 49. a5 Rh3 50. Bh1 Bc8 51. b5 Ra3 52. Rd5+ Kg4 53. b6
Ra2+ 54. Ke3 Kg3 55. Rc5 Ba6 56. b7 Rb2 57. Rc7 Rb1 58. Rg7+ Kh3 59. Kf4 Rf1+
60. Ke3 Bxb7 61. Bxb7 h1=Q 62. Rh7+ Kg3 63. Rxh1 Rxh1 64. Bxh1 Kg4 65. a6 Kf5
66. a7 Ke6 67. a8=Q 1-0

[Event "FRA Cup 0910"]
[Site "FRA"]
[Date "2010.02.21"]
[Round "?"]
[White "Lacroix, Romain"]
[Black "Garrel, Alain"]
[Result "0-1"]
[WhiteElo "2158"]
[BlackElo "2121"]
[PlyCount "100"]
[EventDate "2010.??.??"]
[EventType "team-match"]
[EventCountry "FRA"]

1. e4 d5 2. exd5 Qxd5 3. Nc3 Qd6 4. d4 Nf6 5. Be3 a6 6. Qd2 Nc6 7. Nf3 Bg4 8.
Ng5 e5 9. d5 Nd4 10. f3 Bf5 11. Nge4 Qb4 12. Bd3 Bxe4 13. fxe4 Bc5 14. O-O Ng4
15. a3 Qb6 16. Na4 Nf3+ 17. gxf3 Bxe3+ 18. Kh1 Qd4 19. Qb4 Nf2+ 20. Kg2 Nxd3
21. cxd3 Qxd3 22. Kh1 Qc2 23. Qc3 Qxc3 24. Nxc3 O-O-O 25. Rfe1 Bd2 26. Re2 Bxc3
27. bxc3 Rhf8 28. Rb1 f5 29. c4 fxe4 30. fxe4 b6 31. a4 Kd7 32. a5 bxa5 33. c5
Rb8 34. c6+ Kd6 35. Rxb8 Rxb8 36. Rf2 a4 37. Kg2 a3 38. Kg3 Rb2 39. Rf1 a2 40.
Ra1 h5 41. h4 Rc2 42. Kf3 Rc3+ 43. Ke2 Rh3 44. Rg1 Rxh4 45. Kd3 Rf4 46. Ke3 g5
47. Ra1 Rh4 48. Kd3 Rh3+ 49. Kd2 h4 50. Rxa2 Rh2+ 0-1

[Event "FRA Cup 0910"]
[Site "FRA"]
[Date "2010.02.21"]
[Round "?"]
[White "Emery, Nicolas"]
[Black "Riviere, Frederic"]
[Result "1-0"]
[WhiteElo "2058"]
[BlackElo "1805"]
[PlyCount "73"]
[EventDate "2010.??.??"]
[EventType "team-match"]
[EventCountry "FRA"]

1. e4 e5 2. Nf3 Bc5 3. Nc3 d6 4. Bc4 h6 5. O-O Nf6 6. d3 Bg4 7. Be3 Nbd7 8. Na4
Bb6 9. Nxb6 axb6 10. a3 O-O 11. Qd2 Kh7 12. h3 Bxf3 13. gxf3 Nc5 14. d4 exd4
15. Bxd4 Nh5 16. Kh2 Ne6 17. Be3 Qh4 18. Rg1 Nef4 19. Bf1 Ne6 20. Rg4 Qe7 21.
Bd3 Nc5 22. Be2 Nf6 23. Rg2 Rg8 24. Rag1 Kh8 25. Kh1 Rae8 26. Bxh6 Ncxe4 27.
fxe4 gxh6 28. Qxh6+ Nh7 29. Rg7 Qxe4+ 30. f3 Qxc2 31. Bd1 Qf5 32. Ba4 b5 33.
Bxb5 c6 34. Ba4 d5 35. f4 d4 36. Bb3 Rgf8 37. Rxh7+ 1-0

[Event "FRA Cup 0910"]
[Site "FRA"]
[Date "2010.02.21"]
[Round "?"]
[White "Moruzzi"]
[Black "Roques, Olivier"]
[Result "0-1"]
[WhiteElo "1638"]
[BlackElo "1819"]
[PlyCount "74"]
[EventDate "2010.??.??"]
[EventType "team-match"]
[EventCountry "FRA"]

1. e4 c5 2. Nf3 d6 3. d4 cxd4 4. Nxd4 Nf6 5. Nc3 a6 6. Bg5 e6 7. Bc4 Be7 8. h3
Qc7 9. Bb3 Nc6 10. O-O Bd7 11. Qd2 O-O 12. Rfe1 b5 13. a3 Rfd8 14. Qe3 Nxd4 15.
Qxd4 Bc6 16. Rad1 Rac8 17. Be3 Qb7 18. Qb6 Nd7 19. Qxb7 Bxb7 20. f3 Nc5 21. Bf2
Bf6 22. Bxc5 Rxc5 23. Rd3 Be5 24. Nd1 a5 25. c3 Ba6 26. Rd2 Rb8 27. Nf2 b4 28.
Nd3 bxc3 29. Nxc5 cxd2 30. Rd1 dxc5 31. Ba4 Rxb2 32. Kf2 Bd4+ 33. Kg3 Be2 34.
Ra1 c4 35. Bd1 Bxd1 36. Rxd1 c3 37. Kf4 e5+ 0-1

[Event "FRA Cup 0910"]
[Site "FRA"]
[Date "2010.02.21"]
[Round "?"]
[White "Grezels, Florian"]
[Black "Andrianiaina"]
[Result "1-0"]
[WhiteElo "1877"]
[BlackElo "1680"]
[PlyCount "63"]
[EventDate "2010.??.??"]
[EventType "team-match"]
[EventCountry "FRA"]

1. e4 c5 2. Nf3 d6 3. d4 cxd4 4. Nxd4 Nf6 5. Nc3 a6 6. Be2 e6 7. Be3 Qc7 8. a4
b6 9. O-O Be7 10. f4 Bb7 11. Bd3 Nbd7 12. Nb3 O-O 13. Kh1 d5 14. e5 Ne4 15.
Bxe4 dxe4 16. Qe2 Bb4 17. Bd2 Bxc3 18. Bxc3 f5 19. exf6 Nxf6 20. Be5 Qf7 21. f5
Rac8 22. Nd4 exf5 23. Rxf5 Qg6 24. Raf1 Nd7 25. Rxf8+ Nxf8 26. Nf5 Re8 27. Bxg7
e3 28. Bxf8 Bxg2+ 29. Qxg2 Qxg2+ 30. Kxg2 e2 31. Re1 Rxf8 32. Ng3 1-0

[Event "FRA Cup 0910"]
[Site "FRA"]
[Date "2010.03.21"]
[Round "3"]
[White "Brethes, Francois"]
[Black "Woloszyn, Florent"]
[Result "0-1"]
[WhiteElo "2252"]
[BlackElo "2012"]
[PlyCount "158"]
[EventDate "2010.??.??"]
[EventType "team-match"]
[EventCountry "FRA"]

1. d4 d5 2. c4 e6 3. e3 Nf6 4. Nf3 Nbd7 5. Nc3 c6 6. Bd3 Bd6 7. O-O O-O 8. e4
dxc4 9. Bxc4 e5 10. d5 Qe7 11. dxc6 bxc6 12. Re1 Rb8 13. Nh4 g6 14. Qf3 Ne8 15.
Bh6 Ng7 16. Qg3 Nc5 17. Rad1 Bc7 18. Bg5 Qe8 19. Bf6 Nh5 20. Nxg6 Nxf6 21.
Nxf8+ Kxf8 22. Qg5 Ke7 23. Rd5 Ne6 24. Qh4 Nf4 25. Rd2 Qg8 26. Bf1 Nh3+ 27. Kh1
Qg5 28. Qxg5 Nxg5 29. h4 Ne6 30. g3 Nd4 31. Kg2 Bg4 32. Be2 Bxe2 33. Nxe2 Ba5
34. Nc3 Ne8 35. f4 f6 36. Rf2 Nd6 37. fxe5 fxe5 38. Ref1 Rg8 39. Kh3 Ne6 40.
Re2 Bxc3 41. bxc3 h5 42. Rf5 Nxf5 43. exf5 Nd8 44. Rxe5+ Kf6 45. Ra5 Rg7 46.
Kg2 Rd7 47. Kf2 Nf7 48. Ke3 Nd6 49. Kf4 Nb5 50. Ra6 Rc7 51. g4 hxg4 52. Kxg4
Nxc3 53. h5 Nd5 54. h6 Nb6 55. Ra3 c5 56. Rh3 Rh7 57. Re3 Rxh6 58. Re6+ Kg7 59.
Re7+ Kf6 60. Re6+ Kg7 61. Re7+ Kf8 62. Rxa7 Rc6 63. Kg5 Nd5 64. Rd7 Nf6 65. Rd1
c4 66. Kf4 Ke7 67. Rc1 Kd6 68. a3 Kc5 69. Ke5 Nd7+ 70. Ke4 Rd6 71. a4 Kb4 72.
a5 Kb3 73. Rb1+ Kc2 74. Rb5 c3 75. Ke3 Kc1 76. Ke2 c2 77. Rb7 Nc5 78. Rc7 Rd2+
79. Ke3 Rd5 0-1

[Event "FRA Cup 0910"]
[Site "FRA"]
[Date "2010.03.21"]
[Round "3"]
[White "Mesples, Jean Marc"]
[Black "Tesan, Mickael"]
[Result "1-0"]
[WhiteElo "1873"]
[BlackElo "2092"]
[PlyCount "61"]
[EventDate "2010.??.??"]
[EventType "team-match"]
[EventCountry "FRA"]

1. d4 f5 2. e4 fxe4 3. Nc3 Nf6 4. Bg5 e6 5. Bxf6 Qxf6 6. Nxe4 Qh6 7. Bd3 Nc6 8.
c3 Be7 9. Nf3 b6 10. O-O O-O 11. Bc2 Ba6 12. Re1 d5 13. Ng3 Bd6 14. Ba4 b5 15.
Qd3 Rab8 16. Bc2 Bc8 17. b3 Bd7 18. a3 a6 19. c4 bxc4 20. bxc4 Na5 21. c5 Bf4
22. Ne5 Bc6 23. Ng4 Qh4 24. Qd1 Nc4 25. Rxe6 Nb2 26. Qf3 Bd7 27. Nf5 Qd8 28.
Ne7+ Kh8 29. Qh3 Bh6 30. Nxh6 gxh6 31. Rxh6 1-0

[Event "FRA Cup 0910"]
[Site "FRA"]
[Date "2010.03.21"]
[Round "3"]
[White "Golic, Nadil"]
[Black "Chappey, Edouard"]
[Result "0-1"]
[WhiteElo "1930"]
[BlackElo "1880"]
[PlyCount "216"]
[EventDate "2010.??.??"]
[EventType "team-match"]
[EventCountry "FRA"]

1. d4 Nf6 2. c4 g6 3. Nc3 Bg7 4. g3 d6 5. Nf3 O-O 6. Bg2 Bg4 7. O-O Qc8 8. Qb3
Nc6 9. e3 Na5 10. Qa4 b6 11. Nd2 Bh3 12. b4 Bxg2 13. Kxg2 Qb7+ 14. Kg1 Nc6 15.
Rb1 h5 16. Qd1 e6 17. Qf3 a6 18. Bb2 Rfd8 19. Nce4 Nxe4 20. Nxe4 d5 21. Ng5 Rd7
22. cxd5 exd5 23. a3 Re8 24. Qg2 f6 25. Nf3 Na7 26. a4 Qc6 27. a5 Bf8 28. Rfc1
Qe6 29. Bc3 Nb5 30. Qf1 Bd6 31. Qd3 Kg7 32. Be1 Qg4 33. Nh4 Qe4 34. Qxe4 Rxe4
35. axb6 cxb6 36. Ra1 Rc7 37. Rxc7+ Nxc7 38. Rc1 b5 39. Rc6 Re7 40. Bd2 f5 41.
Nf3 Kf6 42. Ne1 Ke6 43. Nd3 Kd7 44. Rc1 Re8 45. Ra1 g5 46. f4 g4 47. Kf2 Rb8
48. h3 Rh8 49. hxg4 hxg4 50. Kg2 Rh3 51. Nf2 Rh6 52. Nd3 Kc6 53. Nc1 Kb7 54.
Nb3 Be7 55. Na5+ Ka7 56. Rc1 Kb6 57. Rc2 Bd8 58. Rc5 Rd6 59. Rc1 Rh6 60. Be1
Be7 61. Rc2 Re6 62. Kf2 Ne8 63. Rc8 Bf6 64. Rb8+ Kc7 65. Rb7+ Kc8 66. Rh7 Bd8
67. Nb7 Re7 68. Rxe7 Bxe7 69. Na5 Kc7 70. Nb3 Kc6 71. Ke2 Nf6 72. Nc1 Bd6 73.
Kd3 Nd7 74. Nb3 Nb6 75. Na5+ Kc7 76. Nb3 Nc4 77. Bc3 Kb6 78. Ke2 Be7 79. Kd3
Nd6 80. Nc5 Ne8 81. Nd7+ Kc6 82. Nb8+ Kb7 83. Nd7 Nd6 84. Ne5 Ne4 85. Be1 Kb6
86. Nd7+ Kc7 87. Ne5 Nxg3 88. Bxg3 Bxb4 89. Kc2 a5 90. Nf7 Bf8 91. Ng5 Kd7 92.
Nf7 a4 93. Ne5+ Kc7 94. Be1 b4 95. Nd3 b3+ 96. Kb2 Kb6 97. Nc5 Bxc5 98. dxc5+
Kxc5 99. Kc3 Kb5 100. Bh4 Kc5 101. Bf2 Kc6 102. Bg3 Kb5 103. Bf2 b2 104. Kxb2
Kc4 105. Kc2 a3 106. Bh4 a2 107. Kb2 Kd3 108. Kxa2 Kxe3 0-1

[Event "FRA Cup 0910"]
[Site "FRA"]
[Date "2010.03.21"]
[Round "3"]
[White "Boutillon, Jean Francois"]
[Black "Rouede, Gilbert"]
[Result "1-0"]
[WhiteElo "1499"]
[BlackElo "1801"]
[PlyCount "46"]
[EventDate "2010.??.??"]
[EventType "team-match"]
[EventCountry "FRA"]

1. e4 c5 2. Nc3 Nc6 3. Nf3 d6 4. d3 Nf6 5. Be3 g6 6. d4 cxd4 7. Nxd4 Bg7 8. Bb5
Bd7 9. O-O O-O 10. Qd2 Nxd4 11. Bxd7 Nxc2 12. Qxc2 Qxd7 13. Rad1 Qc6 14. Rd2 a6
15. Rfd1 Rac8 16. Bd4 b5 17. b4 e5 18. Be3 Qxc3 19. Qxc3 Rxc3 20. Rxd6 Nxe4 21.
Rxa6 Rfc8 22. Rb6 Rc2 23. Rxb5 Nc3 1-0

[Event "FRA Cup 0910"]
[Site "FRA"]
[Date "2010.01.17"]
[Round "?"]
[White "Hartereau, Philippe"]
[Black "Bernard, Christophe"]
[Result "0-1"]
[WhiteElo "2198"]
[BlackElo "2356"]
[PlyCount "56"]
[EventDate "2010.??.??"]
[EventType "team-match"]
[EventCountry "FRA"]

1. d4 Nf6 2. Nf3 c5 3. d5 e6 4. c4 exd5 5. cxd5 d6 6. Nc3 g6 7. g3 Bg7 8. Bg2
O-O 9. O-O Re8 10. Nd2 Nbd7 11. h3 a6 12. a4 Nh5 13. Nde4 Ndf6 14. Nd2 Nd7 15.
Kh2 f5 16. e4 f4 17. g4 Nhf6 18. Nc4 Ne5 19. Nxe5 dxe5 20. Rb1 Bf8 21. Na2 h5
22. f3 c4 23. Bd2 hxg4 24. hxg4 Nxg4+ 25. fxg4 Qh4+ 26. Bh3 Qg3+ 27. Kh1 Qxh3+
28. Kg1 Bc5+ 0-1

[Event "FRA Cup 0708"]
[Site "FRA"]
[Date "2007.03.25"]
[Round "2"]
[White "Levacic, Damir"]
[Black "Minery, Guillaume"]
[Result "1-0"]
[WhiteElo "2266"]
[BlackElo "1906"]
[PlyCount "67"]
[EventDate "2008.05.25"]
[EventType "team-match"]
[EventCountry "FRA"]

1. d4 d5 2. c4 e6 3. Nc3 c5 4. cxd5 cxd4 5. Qa4+ Bd7 6. Qxd4 exd5 7. Qxd5 Nf6
8. Qb3 Nc6 9. Nf3 Bc5 10. Bg5 Na5 11. Qc2 Rc8 12. Rd1 Qb6 13. e3 h6 14. Bh4 Bg4
15. Bb5+ Kf8 16. Be2 g5 17. Bg3 Bxf3 18. gxf3 Bb4 19. Be5 Qe6 20. f4 gxf4 21.
exf4 Rg8 22. a3 Bxc3+ 23. Bxc3 Nd5 24. Rxd5 Qxd5 25. Bb4+ Kg7 26. Bc3+ f6 27.
Rg1+ Kf7 28. Qh7+ Ke6 29. Rxg8 Qh1+ 30. Bf1 Rxg8 31. Qxg8+ Kf5 32. Qc8+ Kg6 33.
Qg4+ Kf7 34. Qf5 1-0

[Event "FRA Cup 0607"]
[Site "Toulouse"]
[Date "2006.10.22"]
[Round "2.3"]
[White "Hue, Julien"]
[Black "Minery, Guillaume"]
[Result "1-0"]
[WhiteElo "1880"]
[BlackElo "1906"]
[PlyCount "106"]
[EventDate "2007.??.??"]
[EventType "team-match"]
[EventCountry "FRA"]

1. e4 c5 2. Nf3 d6 3. Bb5+ Bd7 4. Bxd7+ Qxd7 5. O-O Nc6 6. c3 Nf6 7. Re1 e6 8.
d4 cxd4 9. cxd4 d5 10. e5 Ne4 11. Nbd2 Nxd2 12. Bxd2 Bb4 13. Rc1 Bxd2 14. Qxd2
O-O 15. Re3 Rac8 16. Rec3 Ne7 17. Kf1 Rxc3 18. Rxc3 Rc8 19. Ke2 Qb5+ 20. Ke1
Rxc3 21. Qxc3 Nc6 22. a3 h6 23. h4 a6 24. h5 Qb6 25. g4 a5 26. b3 Qb5 27. g5
Qb6 28. gxh6 gxh6 29. Qe3 Kg7 30. Kf1 Ne7 31. Nh4 Nf5 32. Nxf5+ exf5 33. Qd3
Qe6 34. Qg3+ Kh7 35. Qc3 Qe7 36. Qxa5 Qh4 37. Qxd5 Qxh5 38. f3 Qh1+ 39. Ke2
Qg2+ 40. Kd3 Qf1+ 41. Kc3 Qe1+ 42. Kc4 Qc1+ 43. Kb4 Qd2+ 44. Ka4 Qd3 45. Qxf7+
Kh8 46. Qe8+ Kh7 47. Qd7+ Kh8 48. Qc8+ Kg7 49. Qxb7+ Kh8 50. Qb8+ Kh7 51. Qa7+
Kh8 52. e6 Qxf3 53. Qb8+ Kh7 1-0

[Event "FRA Cup 0607"]
[Site "Toulouse"]
[Date "2006.10.22"]
[Round "1.3"]
[White "Minery, Guillaume"]
[Black "Jorda, Thomas"]
[Result "1/2-1/2"]
[WhiteElo "1906"]
[BlackElo "1911"]
[PlyCount "35"]
[EventDate "2007.??.??"]
[EventType "team-match"]
[EventCountry "FRA"]

1. e4 c6 2. d4 d5 3. f3 Nd7 4. Bf4 e6 5. Nc3 dxe4 6. fxe4 Bb4 7. Nf3 Ngf6 8.
Bd3 c5 9. O-O cxd4 10. Nb5 O-O 11. Bc7 Qe8 12. a3 Be7 13. Nd6 Bxd6 14. Bxd6 Ng4
15. Qe2 Ne3 16. Rf2 Nf6 17. Bxf8 Qxf8 18. Nxd4 1/2-1/2

[Event "FRA Cup 0607"]
[Site "Toulouse"]
[Date "2006.10.22"]
[Round "3.3"]
[White "Minery, Guillaume"]
[Black "Paccard, Jacques"]
[Result "1-0"]
[WhiteElo "1906"]
[BlackElo "1779"]
[PlyCount "69"]
[EventDate "2007.??.??"]
[EventType "team-match"]
[EventCountry "FRA"]

1. e4 Nf6 2. e5 Nd5 3. d4 d6 4. Bc4 Nb6 5. Bb3 dxe5 6. Qh5 e6 7. dxe5 Nc6 8.
Nf3 g6 9. Qg4 Bg7 10. Bg5 Qd7 11. Qf4 Nd5 12. Bxd5 Qxd5 13. Bf6 Bxf6 14. Qxf6
Qe4+ 15. Kd1 O-O 16. Re1 Rd8+ 17. Qxd8+ Nxd8 18. Rxe4 b6 19. Nc3 Bb7 20. Re3
Nc6 21. a3 Ba6 22. Ke1 Kf8 23. Rd1 Ke7 24. Ne4 Na5 25. Nf6 Bb5 26. b3 Nb7 27.
c4 Bc6 28. b4 b5 29. cxb5 Bxb5 30. Nd4 Ba4 31. Rc1 Rc8 32. Nc6+ Bxc6 33. Rxc6
Nd8 34. Rc4 a6 35. Rd3 1-0